[Event "KGZ Olimp U16 qual"]
[Site "Bishkek"]
[Date "2019.09.09"]
[Round "8"]
[White "Satybaldiev, Beknur"]
[Black "Bakytova, Begimay"]
[Result "1/2-1/2"]
[WhiteElo "1205"]
[BlackElo "1295"]
[PlyCount "86"]
[EventDate "2019.09.05"]
[EventType "swiss"]
[EventRounds "9"]
[EventCountry "KGZ"]
[SourceTitle "CBM 195 Extra"]
[Source "ChessBase"]
[SourceDate "2020.05.31"]
[SourceVersion "1"]
[SourceVersionDate "2020.05.31"]
[SourceQuality "1"]

1. d4 Nf6 2. c4 e6 3. Nc3 Bb4 4. Qc2 c5 5. dxc5 Na6 6. a3 Bxc3+ 7. Qxc3 Nxc5 8. Bg5 Nce4 9. Bxf6 Nxf6 10. Nf3 0-0 11. e3 b6 12. Be2 Bb7 13. 0-0 d5 14. Rfd1 Qe7 15. cxd5 Nxd5 16. Qb3 Rac8 17. Bc4 Rc7 18. Nd4 Rfc8 19. Rac1 Qg5 20. g3 Qg4 21. Be2 Qg5 22. Rxc7 Rxc7 23. f4 Qg6 24. Bf3 Rc8 25. f5 Qf6 26. fxe6 fxe6 27. e4 e5 28. exd5 exd4 29. d6+ Kh8 30. Bxb7 Rd8 31. d7 Rxd7 32. Rf1 Qe7 33. Bd5 d3 34. Qxd3 Qc5+ 35. Rf2 Rxd5 36. Qxd5 Qxd5 37. Rf8+ Qg8 38. Rxg8+ Kxg8 39. Kf2 Kf7 40. Ke3 Ke6 41. Ke4 a6 42. b3 b5 43. b4 h5 1/2-1/2

[Event "KGZ Olimp U16 qual"]
[Site "Bishkek"]
[Date "2019.09.08"]
[Round "6"]
[White "Satybaldiev, Beknur"]
[Black "Lee, Dariya"]
[Result "0-1"]
[WhiteElo "1205"]
[BlackElo "1451"]
[PlyCount "72"]
[EventDate "2019.09.05"]
[EventType "swiss"]
[EventRounds "9"]
[EventCountry "KGZ"]
[SourceTitle "CBM 195 Extra"]
[Source "ChessBase"]
[SourceDate "2020.05.31"]
[SourceVersion "1"]
[SourceVersionDate "2020.05.31"]
[SourceQuality "1"]

1. e4 d6 2. d4 g6 3. Nf3 Bg7 4. Nc3 Nf6 5. Be2 Bg4 6. 0-0 0-0 7. Be3 Nbd7 8. h3 Bxf3 9. Bxf3 e5 10. d5 Nb6 11. Be2 c6 12. dxc6 bxc6 13. f4 d5 14. exd5 Nfxd5 15. Nxd5 Nxd5 16. Bc1 Qb6+ 17. Kh1 exf4 18. Qd3 Rad8 19. Qa6 Qxa6 20. Bxa6 Nb4 21. Bd3 Nxd3 22. cxd3 Rxd3 23. Rb1 g5 24. h4 f6 25. b4 Rb8 26. hxg5 fxg5 27. Re1 a5 28. a3 axb4 29. axb4 Bc3 30. Re4 Rd1+ 31. Kh2 Rc8 32. Rc4 Be1 33. b5 Bg3+ 34. Kh3 h5 35. Bxf4 Rxb1 36. Bxg3 Rxb5 0-1

[Event "KGZ Olimp U16 qual"]
[Site "Bishkek"]
[Date "2019.09.07"]
[Round "4"]
[White "Mukanova, Rayana"]
[Black "Satybaldiev, Beknur"]
[Result "0-1"]
[WhiteElo "1157"]
[BlackElo "1205"]
[PlyCount "46"]
[EventDate "2019.09.05"]
[EventType "swiss"]
[EventRounds "9"]
[EventCountry "KGZ"]
[SourceTitle "CBM 195 Extra"]
[Source "ChessBase"]
[SourceDate "2020.05.31"]
[SourceVersion "1"]
[SourceVersionDate "2020.05.31"]
[SourceQuality "1"]

1. e4 c5 2. Nf3 e6 3. Nc3 Nc6 4. d4 cxd4 5. Nxd4 d6 6. Bc4 Nf6 7. Qd3 Be7 8. Bg5 a6 9. Bxf6 Bxf6 10. Nxc6 bxc6 11. 0-0-0 Rb8 12. Bb3 d5 13. Kb1 a5 14. Na4 Qc7 15. Rhf1 Qa7 16. Qd2 Ba6 17. Rh1 Bb5 18. c3 dxe4 19. Ka1 0-0 20. f3 e3 21. Qc2 Rfd8 22. Rc1 Rd2 23. Qe4 Rxg2 0-1